Various Infrared Images Quiz Stats

 Plays Quiz Updated May 10, 2016

Score 0/15 Timer 03:00
0 Plays Today
% Correct
Airplane
99.8%
Handprint
99.7%
House
99.4%
Earth
99.1%
Audi
98.6%
Coffee in a Mug
97.5%
Helicopter
96.5%
Seattle
95.5%
% Correct
Light Bulb
93.4%
Locomotive
90.2%
Arnold Schwarzenegger
88%
Laptop
87.9%
Jupiter
73.7%
Space Shuttle
63.3%
Underfloor Heating
46%

You're not logged in!

Compare scores with friends on all Sporcle quizzes.
OR
Log In

Show Comments

Extras

Top Quizzes Today


Score Distribution

Your Account Isn't Verified!

In order to create a playlist on Sporcle, you need to verify the email address you used during registration. Go to your Sporcle Settings to finish the process.

Report this User

Report this user for behavior that violates our Community Guidelines.

Details: